| 000 | 00648nam a22001817a 4500 | ||
|---|---|---|---|
| 999 |
_c170103 _d170103 |
||
| 005 | 20191211111534.0 | ||
| 010 | _aENG-127066 | ||
| 020 |
_c200.00 _a9788193374535 |
||
| 035 | _aEN-110598 | ||
| 037 | _bDBAD/PUB | ||
| 082 | _a155.9 | ||
| 245 |
_aWhat is death ? : _ced.by Alfonso Aguilar, L.C. _ba scientific, philosophical and theological exploration of life's end / |
||
| 260 |
_aBengalure _bKristu Jyoti Publications _c2017 |
||
| 270 |
_aBosco Nagar _bKrishnarajapuram, Bengalure _e560036 _mkristujyotipub@yahoo.co.in _k09481201282 |
||
| 300 |
_a276p. _c21cm(pbk) |
||
| 700 | _aAguilar, Alfonso | ||
| 942 |
_2ddc _cEN _h155.9 _mWHA |
||